Aplikovaná reakční kinetika

Salvato in:
Dettagli Bibliografici
Autori principali: Bernauer, Bohumil, Fíla, Vlastimil (Autore), Bernauer, Milan (Autore)
Natura: Libro
Lingua:ceco
Pubblicazione: Praha Vysoká škola chemicko-technologická v Praze 2014
Edizione:1. vyd.
Soggetti:
Accesso online:Visualizza in OPAC
Tags: Aggiungi Tag
Nessun Tag, puoi essere il primo ad aggiungerne!!

MARC

LEADER 00000nam a2200000 a 4500
005 20260127134000.0
008 191217 2014 xr a 000 0 cze d
020 |a 9788070809082 
035 |a vtls011907553 
039 9 |a 201912170841  |b mschk03  |y 201912170838  |z mschk03 
040 |a STUSCHK1  |b slo  |c STUSCHK1  |e AACR2 
100 1 |a Bernauer, Bohumil 
245 1 |a Aplikovaná reakční kinetika  |c Bohumil Bernauer, Vlastimil Fíla, Milan Bernauer 
250 |a 1. vyd. 
260 |a Praha  |b Vysoká škola chemicko-technologická v Praze  |c 2014 
300 |a 198 s.  |O br., tab.  |c 29 cm 
650 0 |a chemická kinetika 
650 0 |a rychlost chemických reakcií 
650 0 |a chemická termodynamika 
700 |a Fíla, Vlastimil  |4 aut 
700 |a Bernauer, Milan  |4 aut 
910 |a SCHK95 
919 |a 978-80-7080-908-2 
999 |c 1443  |d 1443